Statistics for Planets of the Solar System in 1850

Click here to take the quiz!

General Stats

  • This quiz has been taken 39 times
  • The average score is 10 of 18

Answer Stats

SymbolAnswer% Correct
🜨Earth
100%
Mars
100%
Jupiter
97%
Mercury
97%
Uranus
97%
Venus
97%
Neptune
94%
Saturn
94%
Ceres
78%
Vesta
31%
Juno
28%
Pallas
28%
Hygiea
11%
n/aIris
11%
Astraea
8%
Flora
8%
🍷︎Hebe
8%
n/aMetis
8%

Score Distribution

Percentile by Number Answered

Percent of People with Each Score

Your Score History

You have not taken this quiz